Estadísticas para Top 100 verbos en alemán

Haz click aquí para intentar la prueba.

Estadísticas generales

  • Esta prueba ha sido intentada 92 veces
  • La puntuación promedio es 45 de 100

Estadísticas de respuestas

HintRespuesta% Correcto
tenerhaben
95%
decirsagen
92%
irgehen
89%
venirkommen
89%
versehen
89%
sersein
89%
hacer (to make)machen
88%
trabajararbeiten
84%
dargeben
84%
preguntarfragen
83%
poderkönnen
83%
jugarspielen
83%
vivirleben
81%
aprenderlernen
81%
tener quemüssen
81%
pensardenken
80%
escribirschreiben
80%
hablarsprechen
80%
leerlesen
77%
saberwissen
75%
ayudarhelfen
72%
quererwollen
72%
estar de piestehen
70%
buscarsuchen
70%
encontrarfinden
69%
conducirfahren
67%
estudiarstudieren
67%
necesitarbrauchen
66%
quedarsebleiben
64%
comprender/entenderverstehen
64%
cogernehmen
63%
llamarseheißen
61%
dejarlassen
61%
correrlaufen
61%
creerglauben
59%
gustarmögen
59%
esperarwarten
59%
vivir enwohnen
59%
saber/conocer algo o alguienkennen
58%
estar sentadositzen
58%
empezarbeginnen
56%
caerfallen
56%
traerbringen
53%
tener permiso para hacer algodürfen
53%
debersollen
50%
ganargewinnen
48%
empezaranfangen
47%
hablarreden
47%
recibir algobekommen
45%
interesarinteressieren
45%
reunirse/encontrarse con alguientreffen
44%
hacer (to do)tun
42%
sentirfühlen
41%
perderverlieren
39%
volversewerden
39%
explicarerklären
36%
faltarfehlen
36%
cerrarschließen
34%
seguirfolgen
33%
opinarmeinen
33%
nombrarnennen
33%
intentarversuchen
33%
significarbedeuten
31%
mostrarzeigen
31%
llevar algo/vestir algotragen
30%
colocar/ponerstellen
28%
contarerzählen
27%
brillar/parecerscheinen
27%
parar/aguantarhalten
25%
sentarse/poner algo en algosetzen
25%
acordarse/recordar algoerinnern
22%
reconocererkennen
22%
pertenecergehören
22%
compararvergleichen
22%
parecer/aspecto físicoaussehen
20%
estirarseliegen
20%
esperar algoerwarten
19%
introducir/imaginarsevorstellen
19%
construir algobilden
17%
recibir/obtener algoerhalten
17%
liderarführen
17%
lograr algo/crear algoschaffen
17%
ofrecer algo a alguienanbieten
16%
mirar algo/ver algoansehen
16%
conectarverbinden
16%
ofrecer algobieten
14%
aprobar/existir/insistir en algobestehen
11%
representar algodarstellen
11%
lograr algoerreichen
11%
aparecererscheinen
11%
poner algo sobre algolegen
11%
tirarziehen
11%
negociarhandeln
9%
originar/surgirentstehen
8%
resultar/rendirseergeben
8%
estar en vigencia/valergelten
6%
corresponder con algoentsprechen
3%
desenvoluparentwickeln
3%
concernir a alguien/atañer a alguienbetreffen
2%
pasar/delinquirvergehen
2%

Distribución de puntuación

Porcentaje por número respondido

Porcentaje de gente con cada puntuación

Historial de tus puntuaciones

No has intentado esta prueba.